Datum a čas kvízu
29
Celkem bodů
Celkový počet nahraných bodů na tomto kvízu bez doplňovacích otázek.
2.
Pořadí na kvízu
Konečné umístění týmu na tomto kvízu.
Zaznamenané odpovědi
| # | Otázka | Odpověď | Body | Výsledky |
|---|---|---|---|---|
| 1. | Čím konkrétně se na úterním za... | měli na sobě kroje | 0 | |
| 2. | Nepříjemný závěr své cesty zaž... | olympijské hry v Paříži | 1 | |
| 3. | Minulý týden jsme se dozvěděli... | kameraman | 1 | |
| 4. | Ředitelka české pobočky jedné... | 0 | ||
| 5. | Jak se jmenuje dosavadní šéf Č... | Ivo Kaderka | 1 | |
| 6. | Napište, kterým slovem se ozna... | okostice (periost) | 1 | |
| 7. | Ve kterém kraji České republik... | v Královéhradeckém | 0 | |
| 8. | Hlavní postava seriálu Sběrate... | Booth | 1 | |
| 9. | Která párová kost u psů a koní... | klíční kost (clavicula) | 0 | |
| 10. | V září roku 2012 byla pod park... | Richard III. | 0.5 |